000 00355nam a2200145Ia 4500
999 _c13983
_d13983
003 OSt
005 20260210174324.0
008 260210s9999 xx 000 0 und d
020 _a9780727760746
082 _a363.11
100 _aPat Perry
245 0 _aHealth And Safety: Questions And Answers: A Practical Approach
260 _bTTL
942 _cRD
_2ddc